عرض عادي عرض مارك
  • Clinical Laboratory Techniques

مدخل مصطلح موضوعي

عدد التسجيلات المستخدمة في: 1

001 - رقم الضبط

  • حقل الضبط: 50167

003 - معرف رقم الضبط

  • حقل الضبط: OSt

005 - تاريخ ووقت أخر عملية

  • حقل الضبط: 20150730021906.0

008 - عناصر بيانات ثابتة الطول

  • حقل تحكم ثابت الطول: 150730|| aca||aabn | a|a d

040 ## - مصدر الفهرسة

  • هيئة الفهرسة الأصلية: OSt
  • وكالة الكتابة: OSt

150 ## - مدخل-- مصطلح تاريخي

  • عنصر مدخل المصطلح الموضوعي او الاسم الجغرافي: Clinical Laboratory Techniques
  • تفريع عام: methods
  • تفريع شكلي: Problems and Exercises.

670 ## - بيانات المصدر موجوده

  • الاستشهاد بالمصدر: Work cat.: (OSt)0: Buckingham, Lela, 50166, Fundamental laboratory mathematics :, 2014.